Informatika v klinické praxi pro lékaře a klinické biology /
Na minha lista:
| Autor principal: | |
|---|---|
| Formato: | Livro |
| Idioma: | tcheco |
| Publicado em: |
Praha :
Grada,
1993
|
| Assuntos: | |
| Tags: |
Sem tags, seja o primeiro a adicionar uma tag!
|
MARC
| LEADER | 00000nam a22000003a 4500 | ||
|---|---|---|---|
| 001 | stu41968 | ||
| 005 | 20150617225719.8 | ||
| 008 | 940202s1993----cs------------------cze-d | ||
| 020 | |a 80-85623-78-1 | ||
| 040 | |a STU |b slo | ||
| 041 | 0 | |a cze | |
| 044 | |a cs | ||
| 080 | |a 681.3 | ||
| 080 | |a 61 |7 stu_us_auth*stu6976 | ||
| 100 | 1 | |a Berger, Josef |4 aut | |
| 245 | 1 | |a Informatika v klinické praxi pro lékaře a klinické biology / |c [aut.]Josef Berger | |
| 260 | |a Praha : |b Grada, |c 1993 | ||
| 300 | |a 418 s | ||
| 650 | 7 | |a informatika |2 stusub | |
| 650 | 7 | |a medicína |2 stusub | |
| 996 | |b 284M030213 |c M*8499-1 |l MMKN |s A |a 24 |w stu41968_0001 | ||